Tiimes 1000 Word DIctionary (Record no. 4613)
[ view plain ]
| 000 -LEADER | |
|---|---|
| fixed length control field | 00211nam a22000857a 4500 |
| 008 - FIXED-LENGTH DATA ELEMENTS--GENERAL INFORMATION | |
| fixed length control field | 161206b xxu||||| |||| 00| 0 eng d |
| 100 ## - MAIN ENTRY--PERSONAL NAME | |
| 9 (RLIN) | 1866 |
| Personal name | Ellis.M |
| 245 ## - TITLE STATEMENT | |
| Title | Tiimes 1000 Word DIctionary |
| 260 ## - PUBLICATION, DISTRIBUTION, ETC. (IMPRINT) | |
| Place of publication, distribution, etc. | Marshall |
| Date of publication, distribution, etc. | 2003 |
| Withdrawn status | Lost status | Source of classification or shelving scheme | Damaged status | Koha normalized classification for sorting | Not for loan | Home library | Current library | Date acquired | Total Checkouts | Full call number | Barcode | Date last seen | Price effective from | Koha item type |
|---|---|---|---|---|---|---|---|---|---|---|---|---|---|---|
| Dewey Decimal Classification | 803_000000000000000 | Good Samaritan School Library | Good Samaritan School Library | 12/06/2016 | 803 | ELL5224 | 12/06/2016 | 12/06/2016 | BOOK |